000
00252 a2200097 4500
001
63342
090
_c
37386
_d
37386
100
_a
Ayres, Frank Jr
245
_a
Theory and Problems of Differential and Integral Calculus
260
_a
N.Y
_b
Shaum's Series McGraw Hill
942
_a
NUST-CAE
999
_c
298415
_d
298415